[Event "Qatar Masters Open 2023"]
[Site "Doha QAT"]
[Date "2023.10.12"]
[Round "2.39"]
[White "Laddha, Shubh Jayesh"]
[Black "Visakh, N R"]
[Result "1/2-1/2"]
[WhiteTitle "FM"]
[BlackTitle "GM"]
[WhiteElo "2373"]
[BlackElo "2547"]
[WhiteFideId "30942799"]
[BlackFideId "25012223"]
[EventDate "2023.10.11"]

1. e4 c6 2. d4 d5 3. e5 Bf5 4. h4 h5 5. Bd3 Bxd3 6. Qxd3 Qa5+ 7. Nd2 e6 8. Nf3
Nh6 9. O-O Nf5 10. Nb3 Qb5 11. Qd1 c5 12. a4 Qb6 13. dxc5 Bxc5 14. Nxc5 Qxc5 15.
b3 Nc6 16. Ba3 Qc3 17. Re1 Ncd4 18. Nxd4 Qxd4 19. Qe2 O-O-O 20. Qb5 Nxh4 21.
Qc5+ Qxc5 22. Bxc5 Kd7 23. Bxa7 Rh6 24. Kf1 Rg6 25. g3 Nf5 26. c4 Ra8 27. Bb6
dxc4 28. bxc4 Rg4 29. Red1+ Kc6 30. a5 h4 31. gxh4 Rxh4 32. Rac1 Rah8 33. Re1
Rf4 34. Ke2 Rhh4 35. Kd3 Rh3+ 36. Ke2 Nd4+ 37. Bxd4 Rxd4 38. Rg1 Re4+ 39. Kd2
Rxe5 40. Rxg7 Rf3 41. Ra1 Rxf2+ 42. Kd3 Rf3+ 43. Kd2 Rh5 44. Ke2 Rff5 45. a6
bxa6 46. Rxa6+ Kc5 47. Ra7 Rh2+ 48. Ke3 Rhf2 49. Ra4 R5f3+ 50. Ke4 Rf4+ 51. Ke3
R4f3+ 52. Ke4 Rc3 53. Rg5+ f5+ 54. Ke5 Re2+ 55. Kf6 Rxc4 56. Ra6 Rg4 57. Rh5
Rge4 58. Rh1 f4 59. Rc1+ Rc4 60. Rc6+ Kxc6 61. Rxc4+ Kd5 62. Rxf4 e5 63. Rf1 e4
64. Rd1+ Kc4 65. Ke5 Kc3 66. Rd8 Kc2 67. Kf4 e3 68. Kf3 Rd2 69. Re8 Rd3 70. Rxe3
Rxe3+ 71. Kxe3 1/2-1/2

[Event "Qatar Masters Open 2023"]
[Site "Doha QAT"]
[Date "2023.10.12"]
[Round "2.40"]
[White "Fawzy, Adham"]
[Black "Pham Tran Gia Phuc"]
[Result "1-0"]
[WhiteTitle "GM"]
[BlackTitle "FM"]
[WhiteElo "2535"]
[BlackElo "2384"]
[WhiteFideId "10613129"]
[BlackFideId "12415669"]
[EventDate "2023.10.11"]

1. e4 e6 2. d4 d5 3. Nc3 Nf6 4. Bg5 dxe4 5. Nxe4 Be7 6. Bxf6 gxf6 7. Nf3 b6 8.
Bb5+ c6 9. Bd3 Bb7 10. Qd2 f5 11. Ng3 Nd7 12. O-O-O Qc7 13. Rhe1 Bd6 14. Nxf5
Bf4 15. Ne3 O-O-O 16. Qe2 c5 17. Ba6 Bxa6 18. Qxa6+ Kb8 19. g3 cxd4 20. Nxd4 Nc5
21. Qc4 Be5 22. Nb5 Qe7 23. Ng4 Qg5+ 24. Kb1 Rxd1+ 25. Rxd1 Rd8 26. Rxd8+ Qxd8
27. a4 Qd1+ 28. Ka2 f6 29. Nxe5 fxe5 30. b4 Na6 31. Kb2 Qd2 32. Qc3 Qd5 33. f4
h6 34. fxe5 Qe4 35. Ka3 Qh1 36. Kb2 Qe4 37. Qd4 Qxd4+ 38. Nxd4 Nxb4 39. Kb3 a5
40. Kc4 Nd5 41. Nxe6 Ne3+ 42. Kb5 Ng4 43. Kxb6 Nxe5 44. Kxa5 Kb7 45. Kb5 Ng4 46.
h4 Ne3 47. Nd4 1-0

[Event "Qatar Masters Open 2023"]
[Site "Doha QAT"]
[Date "2023.10.12"]
[Round "2.41"]
[White "Vignesh, N R"]
[Black "Manish Anto, Cristiano F"]
[Result "1-0"]
[WhiteTitle "GM"]
[BlackTitle "IM"]
[WhiteElo "2527"]
[BlackElo "2368"]
[WhiteFideId "25012215"]
[BlackFideId "25095927"]
[EventDate "2023.10.11"]

1. Nf3 d5 2. g3 g6 3. c4 c6 4. Qa4 Nd7 5. cxd5 cxd5 6. Nc3 Nf6 7. Bg2 Bg7 8. O-O
O-O 9. d4 a6 10. Qb3 Nb8 11. Bg5 Ne4 12. Bf4 Nc6 13. Rfd1 Na5 14. Qb4 Nc6 15.
Qb3 Na5 16. Qb4 Nc6 17. Qa3 Bf5 18. Ne5 Nxc3 19. bxc3 Rc8 20. Nxc6 Rxc6 21. Qb3
e6 22. Qxb7 Rxc3 23. Qxa6 Qa8 24. Qxa8 Rxa8 25. e3 Bf8 26. a4 Bc2 27. Rdc1 Bb4
28. Ra2 Bb3 29. Rxc3 Bxa2 30. Rc2 Rxa4 31. Rc8+ Kg7 32. Be5+ f6 33. Rc7+ Kg8 34.
Bxf6 Bc4 35. h4 Ra1+ 36. Kh2 Ra2 37. Be5 Rxf2 38. Kg1 Rc2 39. Bh3 Rc1+ 40. Kf2
Rc2+ 41. Kf3 Be2+ 42. Kf4 Rxc7 43. Bxc7 Bc4 44. Bxe6+ Kf8 45. Ke5 Bd2 46. e4 Be1
47. Kf6 Bc3 48. Bd6+ Ke8 49. Be5 Bb4 50. Bxd5 Be7+ 51. Kg7 Bxd5 52. exd5 g5 53.
h5 g4 54. d6 Bd8 55. d7+ 1-0

[Event "Qatar Masters Open 2023"]
[Site "Doha QAT"]
[Date "2023.10.12"]
[Round "2.42"]
[White "Aradhya, Garg"]
[Black "Sankalp, Gupta"]
[Result "1/2-1/2"]
[WhiteTitle "FM"]
[BlackTitle "GM"]
[WhiteElo "2344"]
[BlackElo "2518"]
[WhiteFideId "25006746"]
[BlackFideId "5097010"]
[EventDate "2023.10.11"]

1. d4 Nf6 2. c4 e6 3. Nf3 Bb4+ 4. Nbd2 b6 5. a3 Bxd2+ 6. Qxd2 Bb7 7. e3 O-O 8.
Be2 d5 9. O-O dxc4 10. Bxc4 Nbd7 11. Qe2 c5 12. dxc5 Nxc5 13. Rd1 Qc7 14. Bd2
Ng4 15. Bc3 Bxf3 16. Qxf3 Qxh2+ 17. Kf1 Qh4 18. g3 Nh2+ 19. Kg2 Nxf3 20. gxh4
Nxh4+ 21. Kf1 Rfd8 22. Ke2 Nf5 23. b4 Ne4 24. Bb2 h5 25. Bd3 Ned6 26. Rh1 g6 27.
Rag1 Kf8 28. b5 Ne7 29. e4 Nb7 30. f4 Rd7 31. Rg3 Nc5 32. Bc2 Rad8 33. Bc3 f5
34. exf5 exf5 35. Rc1 Ne6 36. Be5 Rd2+ 37. Kf1 Nd4 38. Bd1 Nxb5 39. Ba4 Nd4 40.
Rc7 b5 41. Bf6 Ndc6 42. Bxb5 R2d6 43. Bg5 Re6 44. Bh6+ Kg8 45. Bg5 Rd1+ 46. Kf2
Rd2+ 47. Kf1 Rd1+ 48. Kf2 1/2-1/2

[Event "Qatar Masters Open 2023"]
[Site "Doha QAT"]
[Date "2023.10.12"]
[Round "2.43"]
[White "Samant, Aditya S"]
[Black "Shahil, Dey"]
[Result "1-0"]
[WhiteTitle "IM"]
[BlackTitle "IM"]
[WhiteElo "2511"]
[BlackElo "2357"]
[WhiteFideId "35080580"]
[BlackFideId "35062352"]
[EventDate "2023.10.11"]

1. e4 e5 2. Nf3 Nc6 3. Bb5 Nf6 4. d3 Bc5 5. Bxc6 dxc6 6. Nbd2 Be6 7. O-O Nd7 8.
Nb3 Bb6 9. Ng5 Qe7 10. Nxe6 Qxe6 11. a4 a5 12. Qe1 c5 13. Nd2 c6 14. Nc4 Bc7 15.
f4 exf4 16. Bxf4 Bxf4 17. Rxf4 O-O 18. Qg3 Ne5 19. Ne3 c4 20. d4 Ng6 21. Nf5 c5
22. c3 cxd4 23. cxd4 Rad8 24. Raf1 Qb6 25. e5 Qxb2 26. Qxg6 Qxd4+ 27. Rxd4 fxg6
28. Ne7+ Kh8 29. Rxf8+ Rxf8 30. Rxc4 1-0

[Event "Qatar Masters Open 2023"]
[Site "Doha QAT"]
[Date "2023.10.12"]
[Round "2.44"]
[White "Nurmanova, Alua"]
[Black "Iniyan, P"]
[Result "1/2-1/2"]
[WhiteTitle "WIM"]
[BlackTitle "GM"]
[WhiteElo "2347"]
[BlackElo "2510"]
[WhiteFideId "13729390"]
[BlackFideId "25002767"]
[EventDate "2023.10.11"]

1. e4 c5 2. Nf3 d6 3. d4 cxd4 4. Nxd4 Nf6 5. Nc3 a6 6. Bd3 g6 7. Be3 Ng4 8. Bg5
h6 9. Bc1 Nf6 10. Be3 Ng4 11. Bc1 Nf6 12. Be3 e5 13. Nde2 Be6 14. O-O Nbd7 15.
h3 Rc8 16. f4 Be7 17. Qd2 h5 18. Rf2 Qc7 19. Raf1 Qc6 20. Kh2 Kf8 21. b3 exf4
22. Bxf4 Kg7 23. Nd5 Nxd5 24. exd5 Qxd5 25. c4 Qc5 26. Be3 Qc7 27. Bd4+ Ne5 28.
Nf4 Qd7 29. Qe3 Kg8 30. Nxe6 Qxe6 31. Rxf7 Bg5 32. Qe4 Re8 33. Rxb7 Rh7 34. Rxh7
Kxh7 35. Kh1 Re7 36. Bc2 Bf6 37. Qe2 Kg7 38. Qe4 Kh7 39. Qe2 Kg7 40. a3 Nd7 41.
Bxf6+ Nxf6 42. Qf2 Qe5 43. Qf3 h4 44. Qd3 Qg3 45. Qd4 Qe5 46. Qd3 Qg3 47. Qd4 1/2-1/2

[Event "Qatar Masters Open 2023"]
[Site "Doha QAT"]
[Date "2023.10.12"]
[Round "2.45"]
[White "Prraneeth, Vuppala"]
[Black "Tissir, Mohamed"]
[Result "1-0"]
[WhiteTitle "IM"]
[BlackTitle "IM"]
[WhiteElo "2510"]
[BlackElo "2344"]
[WhiteFideId "46622373"]
[BlackFideId "9000240"]
[EventDate "2023.10.11"]

1. e4 c5 2. Nf3 e6 3. d4 cxd4 4. Nxd4 Nc6 5. Nc3 d6 6. g4 a6 7. Be3 Qc7 8. g5 b5
9. Nxc6 Qxc6 10. Qd2 h6 11. gxh6 Nxh6 12. Rg1 Bb7 13. a3 Ng8 14. O-O-O Rxh2 15.
Bf4 Rh5 16. Rg3 g6 17. Be2 Rh4 18. Kb1 Be7 19. Rd3 Rd8 20. Bg5 Rh7 21. e5 Bxg5
22. Qxg5 d5 23. Ne4 Qb6 24. Bg4 Rd7 25. Nd6+ Kf8 26. Rf3 Rxd6 27. exd6 Qxd6 28.
Qxg6 Rg7 29. Qxe6 Qxe6 30. Bxe6 Ne7 31. Rh1 Kg8 32. Bxf7+ Rxf7 33. Rh8+ Kg7 34.
Rh7+ 1-0

[Event "Qatar Masters Open 2023"]
[Site "Doha QAT"]
[Date "2023.10.12"]
[Round "2.46"]
[White "Suyarov, Mukhammadzokhid"]
[Black "Chanda, Sandipan"]
[Result "0-1"]
[WhiteTitle "FM"]
[BlackTitle "GM"]
[WhiteElo "2340"]
[BlackElo "2496"]
[WhiteFideId "14210495"]
[BlackFideId "5004225"]
[EventDate "2023.10.11"]

1. d4 Nf6 2. Nc3 d5 3. Bf4 e6 4. Nb5 Bb4+ 5. c3 Ba5 6. a4 a6 7. b4 Nc6 8. bxa5
axb5 9. axb5 Nxa5 10. e3 Bd7 11. Bg5 O-O 12. Nf3 Nc4 13. Bxc4 dxc4 14. Rb1 Ra5
15. b6 Qc8 16. bxc7 Qxc7 17. Bf4 Qc6 18. O-O Nd5 19. Ne5 Qc8 20. Bg3 Nxc3 21.
Qe1 Rxe5 22. Qxc3 Rb5 23. Bd6 Rd8 24. Bb4 Bc6 25. f3 Qb8 26. Bc5 Rxb1 27. Rxb1
b5 28. Ra1 Rd7 29. e4 h6 30. Qb4 Qf4 31. Qc3 f5 32. g3 Qg5 33. Ra6 Bb7 34. Rxe6
fxe4 35. fxe4 Qg4 36. d5 Qd1+ 37. Kg2 Bxd5 38. Re8+ Kh7 39. exd5 Qxd5+ 40. Qf3
Qxc5 41. Qe4+ g6 42. Re5 Qc7 43. Re6 Qb7 44. Rc6 Rd6 45. Rxc4 Rd2+ 46. Kh3 Qd7+ 0-1

[Event "Qatar Masters Open 2023"]
[Site "Doha QAT"]
[Date "2023.10.12"]
[Round "2.47"]
[White "Raja, Rithvik R"]
[Black "Rosen, Eric"]
[Result "1/2-1/2"]
[WhiteTitle "GM"]
[BlackTitle "IM"]
[WhiteElo "2495"]
[BlackElo "2341"]
[WhiteFideId "35007394"]
[BlackFideId "2032562"]
[EventDate "2023.10.11"]

1. d4 d5 2. c4 e6 3. Nf3 Nf6 4. g3 dxc4 5. Bg2 Bb4+ 6. Bd2 c5 7. Bxb4 cxb4 8.
Ne5 O-O 9. a3 Nd5 10. Nxc4 Nc6 11. O-O a5 12. Qd2 b6 13. e4 Nde7 14. d5 Ba6 15.
Rc1 Bxc4 16. dxc6 b5 17. Qxd8 Raxd8 18. c7 Rd7 19. a4 Nc6 20. axb5 Bxb5 21. Bf1
Bxf1 22. Rxc6 Rd1 23. Nd2 Rxa1 24. Nxf1 Rc8 25. Rd6 Rf8 26. Rc6 Rc8 27. Rd6 Rf8
28. Rc6 Rc8 29. Rd6 1/2-1/2

[Event "Qatar Masters Open 2023"]
[Site "Doha QAT"]
[Date "2023.10.12"]
[Round "2.48"]
[White "Raahul, V S"]
[Black "Ahmadzada, Ahmad"]
[Result "0-1"]
[WhiteTitle "IM"]
[BlackTitle "IM"]
[WhiteElo "2340"]
[BlackElo "2494"]
[WhiteFideId "25035525"]
[BlackFideId "13413007"]
[EventDate "2023.10.11"]

1. d4 Nf6 2. c4 e6 3. Nc3 c5 4. d5 exd5 5. cxd5 d6 6. e4 g6 7. f4 Bg7 8. Bb5+
Nfd7 9. a4 Na6 10. Nf3 Nb4 11. O-O a6 12. Bc4 Nb6 13. Be2 Bg4 14. Be3 O-O 15.
Bf2 Re8 16. Bh4 Qc7 17. e5 Bxf3 18. Bxf3 dxe5 19. d6 Qd7 20. Ne4 N6d5 21. Bf2
exf4 22. Bxc5 Re5 23. Qd2 Nc6 24. Rfc1 Rae8 25. Kh1 Ne3 26. Nf2 g5 27. Nd3 R5e6
28. Nf2 Nd4 29. Bxd4 Rxd6 30. Qa5 Rxd4 31. Qxg5 Nd1 32. Ne4 Rdxe4 33. Bxe4 Nf2+
34. Kg1 Nxe4 35. Qh4 Bf6 0-1

[Event "Qatar Masters Open 2023"]
[Site "Doha QAT"]
[Date "2023.10.12"]
[Round "2.49"]
[White "Rathanvel, V S"]
[Black "Ashraf, Artin"]
[Result "1/2-1/2"]
[WhiteTitle "IM"]
[BlackTitle "FM"]
[WhiteElo "2493"]
[BlackElo "2340"]
[WhiteFideId "25002112"]
[BlackFideId "22514805"]
[EventDate "2023.10.11"]

1. e4 c5 2. Nf3 d6 3. Bc4 Nf6 4. Nc3 e6 5. O-O a6 6. a4 Be7 7. d4 cxd4 8. Nxd4
O-O 9. a5 Nc6 10. Nb3 Ne5 11. Be2 b5 12. axb6 Qxb6 13. Be3 Qc7 14. Na5 Rb8 15.
f4 Ned7 16. Nb3 Rb4 17. Qd2 Nb6 18. Bxa6 Bxa6 19. Rxa6 Nc4 20. Qc1 Nxe4 21. Nxe4
Qb7 22. Ra7 Qxe4 23. Re1 Rb7 24. Nd2 Nxd2 25. Qxd2 Rc8 26. Bd4 Qc6 27. Rea1 Bd8
28. Rxb7 Qxb7 29. c3 Bb6 30. b4 h6 31. Qe3 1/2-1/2

[Event "Qatar Masters Open 2023"]
[Site "Doha QAT"]
[Date "2023.10.12"]
[Round "2.50"]
[White "Samadov, Read"]
[Black "Dushyant, Sharma"]
[Result "1/2-1/2"]
[WhiteTitle "IM"]
[BlackTitle "IM"]
[WhiteElo "2492"]
[BlackElo "2339"]
[WhiteFideId "13417444"]
[BlackFideId "25065130"]
[EventDate "2023.10.11"]

1. Nf3 d5 2. g3 e6 3. Bg2 Nf6 4. c4 Be7 5. O-O O-O 6. b3 c5 7. cxd5 Nxd5 8. Bb2
b6 9. d4 cxd4 10. Nxd4 Bb7 11. e4 Nf6 12. Re1 Nc6 13. Nxc6 Bxc6 14. Qe2 Qd7 15.
Nd2 Bb5 16. Nc4 Rac8 17. Red1 Bxc4 18. Rxd7 Bxe2 19. Rxe7 Rc2 20. Ba3 Ra8 21.
Bd6 h6 22. h3 Bd3 23. f3 a6 24. Rc7 Rc8 25. Rxc8+ Rxc8 26. Rd1 Bb5 27. a4 Be2
28. Re1 Rc2 29. b4 Ra2 30. Bc7 a5 31. bxa5 bxa5 32. Bxa5 Rxa4 1/2-1/2

[Event "Qatar Masters Open 2023"]
[Site "Doha QAT"]
[Date "2023.10.12"]
[Round "2.51"]
[White "Ravi, Teja S."]
[Black "Jain, Kashish Manoj"]
[Result "1/2-1/2"]
[WhiteTitle "IM"]
[BlackTitle "FM"]
[WhiteElo "2448"]
[BlackElo "2338"]
[WhiteFideId "5017220"]
[BlackFideId "35081098"]
[EventDate "2023.10.11"]

1. d4 d5 2. Bf4 Nf6 3. e3 c5 4. c3 Nc6 5. Nd2 Qb6 6. Qb3 c4 7. Qc2 Bg4 8. Ngf3
e6 9. Nh4 Qd8 10. h3 Bh5 11. g4 Bg6 12. Nxg6 hxg6 13. Bg2 Bd6 14. Bxd6 Qxd6 15.
e4 Qf4 16. e5 Nd7 17. O-O Rc8 18. Rfe1 b5 19. Nf1 O-O 20. Re3 Rc7 21. Ng3 Rb8
22. Ne2 Qh6 23. a3 g5 24. Rf1 Nf8 25. f4 gxf4 26. Nxf4 Ng6 27. Ref3 Nxf4 28.
Rxf4 a5 29. Qf2 Nd8 30. h4 b4 31. axb4 axb4 32. Qg3 bxc3 33. bxc3 Qh7 34. g5 Rb1
35. Rxb1 Qxb1+ 36. Kh2 Nc6 37. Rf1 Qd3 38. Rf3 Qh7 39. Qf2 Rb7 40. Bh3 Qb1 41.
Kg3 Rb2 42. Qf1 Qxf1 43. Rxf1 g6 44. h5 gxh5 45. g6 Nd8 46. gxf7+ Kf8 47. Kh4
Rb7 48. Kxh5 1/2-1/2

[Event "Qatar Masters Open 2023"]
[Site "Doha QAT"]
[Date "2023.10.12"]
[Round "2.52"]
[White "Fedoseev, Vladimir3"]
[Black "Senthil, Maran K"]
[Result "0-1"]
[WhiteTitle "GM"]
[BlackTitle "FM"]
[WhiteElo "2691"]
[BlackElo "2298"]
[WhiteFideId "24130737"]
[BlackFideId "25035681"]
[EventDate "2023.10.11"]

1. d4 d5 2. c4 c6 3. Nf3 Nf6 4. e3 e6 5. Qc2 Nbd7 6. Bd3 dxc4 7. Qxc4 Bd6 8. O-O
O-O 9. Qc2 e5 10. Nc3 Qe7 11. Bd2 Re8 12. Ng5 h6 13. Nge4 Nxe4 14. Nxe4 Bb4 15.
Bxb4 Qxb4 16. Qc3 Qe7 17. Rad1 Nf6 18. dxe5 Qxe5 19. Qxe5 Rxe5 20. Nd6 Be6 21.
Nxb7 Rb8 22. Ba6 Bc8 23. Nc5 Bxa6 24. Nxa6 Rxb2 25. a3 Ra5 26. Nb4 c5 27. Rd8+
Kh7 28. Nc6 Rxa3 29. Ne5 Raa2 30. Nxf7 Ng4 31. h4 Kg6 32. Nh8+ Kf6 33. Rf8+ Ke6
34. Ng6 a5 35. Nf4+ Ke7 36. Ng6+ Ke6 37. Rf4 h5 38. Rf8 a4 39. Nf4+ Ke7 40. Rf5
Rxf2 41. Re1 Kd6 42. Rxh5 Nxe3 43. Rxe3 Rxf4 44. Rg3 Kc6 45. Rxg7 a3 46. Kh2 Ra4
47. Rh6+ Kb5 48. Rb7+ Kc4 49. Rb1 Rc2 50. Ra1 Kb3 51. Kh3 Kb2 52. Rf1 a2 53.
Rb6+ Kc3 54. Rf3+ Kd2 55. Rf2+ Ke3 56. Rxc2 a1=Q 57. Re6+ Re4 58. Rh6 Qg7 0-1

[Event "Qatar Masters Open 2023"]
[Site "Doha QAT"]
[Date "2023.10.12"]
[Round "2.53"]
[White "Akshat, Khamparia"]
[Black "Parligras, Mircea-Emilian"]
[Result "1/2-1/2"]
[WhiteTitle "IM"]
[BlackTitle "GM"]
[WhiteElo "2393"]
[BlackElo "2561"]
[WhiteFideId "5016541"]
[BlackFideId "1204297"]
[EventDate "2023.10.11"]

1. d4 Nf6 2. c4 e6 3. Nc3 Bb4 4. e3 O-O 5. Bd2 d5 6. Nf3 b6 7. cxd5 exd5 8. Bd3
Bb7 9. O-O Bd6 10. Qb1 Re8 11. Rc1 a6 12. b4 Nbd7 13. b5 a5 14. Qb3 Ne4 15. Be1
Ndf6 16. Ne2 Qe7 17. a4 Qe6 18. Qb2 Nd7 19. Nd2 Qh6 20. Nf1 Nef6 21. Neg3 g6 22.
f3 Re7 23. Bf2 Rae8 24. Rc3 Nf8 25. Rac1 Ne6 26. Bb1 Bb4 27. Rb3 Bd6 28. Rbc3
Bb4 29. Rb3 Bd6 30. Rbc3 1/2-1/2

[Event "Qatar Masters Open 2023"]
[Site "Doha QAT"]
[Date "2023.10.12"]
[Round "2.54"]
[White "Lalit Babu M R"]
[Black "Peng, Hongchi"]
[Result "1-0"]
[WhiteTitle "GM"]
[WhiteElo "2547"]
[BlackElo "2395"]
[WhiteFideId "5024595"]
[BlackFideId "8609047"]
[EventDate "2023.10.11"]

1. d4 Nf6 2. c4 e6 3. Nf3 d5 4. g3 Be7 5. Bg2 O-O 6. O-O dxc4 7. Qc2 a6 8. a4
Bd7 9. Qxc4 Bc6 10. Bg5 Nbd7 11. Nc3 h6 12. Bf4 Rc8 13. Rfe1 Nb6 14. Qb3 a5 15.
e4 Bb4 16. Ne5 Qxd4 17. Ne2 Qd8 18. Nxc6 bxc6 19. Red1 Qe8 20. Qf3 Nh7 21. e5
Nd5 22. Nd4 Bc5 23. Rac1 Bxd4 24. Rxd4 Rb8 25. Bd2 Rxb2 26. Qa3 Qb8 27. Bxa5 f6
28. Rd2 Rb1 29. Rdd1 Rxc1 30. Rxc1 fxe5 31. Be1 Qb6 32. Qc5 Ng5 33. a5 Nf3+ 34.
Bxf3 Qxc5 35. Rxc5 Rxf3 36. a6 Rf8 37. Rxc6 Kf7 38. Bc3 Kf6 39. Bb2 Kf5 40. Ba3
Ra8 41. Bc5 Rb8 42. a7 Rb1+ 43. Kg2 Ra1 44. Kf3 e4+ 45. Ke2 Nc3+ 46. Kd2 Nb5 47.
Be3 e5 48. h3 h5 49. Rc5 Ra2+ 50. Kc1 Nxa7 51. Rxc7 Nb5 52. Rxg7 Ke6 53. Rg8 Kd5
54. Rc8 1-0

[Event "Qatar Masters Open 2023"]
[Site "Doha QAT"]
[Date "2023.10.12"]
[Round "2.55"]
[White "Bellahcene, Bilel"]
[Black "Jaiveer, Mahendru"]
[Result "0-1"]
[WhiteTitle "GM"]
[BlackTitle "FM"]
[WhiteElo "2520"]
[BlackElo "2393"]
[WhiteFideId "696358"]
[BlackFideId "25611151"]
[EventDate "2023.10.11"]

1. e4 e5 2. Nf3 Nc6 3. Bb5 a6 4. Ba4 Nf6 5. O-O Nxe4 6. d4 b5 7. Bb3 d5 8. dxe5
Be6 9. Qe2 Be7 10. Rd1 O-O 11. c4 bxc4 12. Bxc4 Bc5 13. Be3 Bxe3 14. Qxe3 Qb8
15. Bb3 Na5 16. Nbd2 Qa7 17. Rac1 Qxe3 18. fxe3 c5 19. Nxe4 Nxb3 20. axb3 dxe4
21. Nd2 Rfd8 22. Nxe4 Rxd1+ 23. Rxd1 Bxb3 24. Rd7 c4 25. Rc7 h6 26. Nd6 a5 27.
Kf2 Rb8 28. Ke2 Rb4 29. Kd2 Ra4 30. Kc3 Ra1 31. Nxc4 a4 32. Kb4 Rb1 33. Ka3 Ra1+
34. Kb4 Rg1 35. g3 Rg2 36. Ka3 Rxh2 37. Nd6 Rg2 38. Nf5 h5 39. e4 g6 40. Nh6+
Kf8 0-1

[Event "Qatar Masters Open 2023"]
[Site "Doha QAT"]
[Date "2023.10.12"]
[Round "2.56"]
[White "Chandra, Akshat"]
[Black "Ilamparthi, A R"]
[Result "1/2-1/2"]
[WhiteTitle "GM"]
[BlackTitle "IM"]
[WhiteElo "2486"]
[BlackElo "2387"]
[WhiteFideId "25006711"]
[BlackFideId "45015775"]
[EventDate "2023.10.11"]

1. d4 f5 2. g3 Nf6 3. Bg2 e6 4. c4 Be7 5. Nf3 Ne4 6. Qc2 d5 7. Bf4 c6 8. h4 Nd7
9. Nc3 O-O 10. O-O h6 11. Ne5 g5 12. hxg5 hxg5 13. Nxd7 Bxd7 14. Be5 Nd6 15.
cxd5 exd5 16. g4 Qe8 17. f4 gxf4 18. Nxd5 cxd5 19. Bxd5+ Kh7 20. Qd3 Qg6 21. Rf2
Bg5 22. Qh3+ Bh6 23. g5 Ne4 24. Qxh6+ Qxh6 25. gxh6 Nxf2 26. Kxf2 Bc6 27. Bxc6
bxc6 28. Rc1 Kxh6 29. Rxc6+ Kh5 30. Kf3 Rac8 31. Ra6 Rc1 32. Rxa7 Rf1+ 33. Kg2
Rb1 34. Rh7+ Kg6 35. Rg7+ Kh6 36. Kf2 Rxb2 37. Ra7 Rc8 38. Kf3 Rcc2 39. Bxf4+
Kg6 40. Re7 Rxa2 41. Re6+ 1/2-1/2

[Event "Qatar Masters Open 2023"]
[Site "Doha QAT"]
[Date "2023.10.12"]
[Round "2.57"]
[White "Ohanyan, Emin"]
[Black "Savitha, Shri B"]
[Result "1-0"]
[WhiteTitle "IM"]
[BlackTitle "WGM"]
[WhiteElo "2474"]
[BlackElo "2375"]
[WhiteFideId "13312022"]
[BlackFideId "35061887"]
[EventDate "2023.10.11"]

1. d4 Nf6 2. c4 e6 3. Nf3 d5 4. Nc3 Nbd7 5. Qc2 c5 6. cxd5 Nxd5 7. Nxd5 exd5 8.
g3 Qb6 9. Bg2 cxd4 10. O-O Bd6 11. Rd1 Nf6 12. Nxd4 Bc5 13. Be3 Ng4 14. Rdc1 Be7
15. Qxc8+ Rxc8 16. Rxc8+ Bd8 17. Nc6 Qxc6 18. Rxc6 bxc6 19. Bxa7 f5 20. b4 Nf6
21. a4 Kd7 22. b5 Ne4 23. Rc1 cxb5 24. axb5 Bg5 25. e3 Be7 26. Bd4 Rb8 27. Bf1
Nd2 28. Bxg7 Nxf1 29. Kxf1 Rxb5 30. Ra1 h5 31. h4 f4 32. gxf4 Bxh4 33. Bd4 Bd8
34. Ra6 h4 35. Rh6 Be7 36. f5 Bg5 37. Rh5 Bd8 38. Be5 Rb6 39. Kg2 Rc6 40. Kf3
Ra6 41. Rh7+ Ke8 42. f6 Re6 43. f7+ Kf8 44. Bf4 Rf6 45. Rh8+ 1-0

[Event "Qatar Masters Open 2023"]
[Site "Doha QAT"]
[Date "2023.10.12"]
[Round "2.58"]
[White "Assaubayeva, Bibisara"]
[Black "Begmuratov, Khumoyun"]
[Result "1-0"]
[WhiteTitle "IM"]
[BlackTitle "FM"]
[WhiteElo "2469"]
[BlackElo "2374"]
[WhiteFideId "13708694"]
[BlackFideId "14210207"]
[EventDate "2023.10.11"]

1. d4 Nf6 2. c4 e6 3. Nf3 d5 4. Nc3 c6 5. g3 Be7 6. Qd3 O-O 7. Bg2 b6 8. O-O Bb7
9. Rd1 Nbd7 10. e4 dxe4 11. Nxe4 Qc8 12. Nc3 Rd8 13. Qe2 Nf8 14. Ne5 Ng6 15.
Nxg6 hxg6 16. d5 Bb4 17. dxe6 Rxd1+ 18. Nxd1 Qxe6 19. Qxe6 fxe6 20. a3 Rd8 21.
Bf4 Be7 22. Nc3 Ba6 23. Bxc6 Bxc4 24. Re1 Kf7 25. h4 Nd5 26. Bxd5 exd5 27. Rxe7+
Kxe7 28. Bg5+ Kd7 29. Bxd8 d4 30. Bg5 dxc3 31. bxc3 Kc6 32. Be7 Kb5 33. f3 Bd5
34. Kf2 Kc4 35. Bf8 Kxc3 36. Ke3 Kb3 37. Kf4 b5 38. Kg5 Bf7 39. g4 a5 40. f4 Be6
41. h5 gxh5 42. gxh5 Kc4 43. f5 Bf7 44. Bxg7 Kd5 45. h6 Bg8 46. Kg6 b4 47. axb4
axb4 48. Ba1 b3 49. Kg7 1-0

[Event "Qatar Masters Open 2023"]
[Site "Doha QAT"]
[Date "2023.10.12"]
[Round "2.59"]
[White "Lee, Jun Hyeok"]
[Black "Haldorsen, Benjamin"]
[Result "1/2-1/2"]
[WhiteTitle "IM"]
[BlackTitle "IM"]
[WhiteElo "2362"]
[BlackElo "2454"]
[WhiteFideId "13202340"]
[BlackFideId "1512633"]
[EventDate "2023.10.11"]

1. e4 e5 2. Nf3 Nc6 3. Bc4 d6 4. d4 Nf6 5. O-O Be7 6. d5 Nb8 7. Bd3 Nbd7 8. c4
Nc5 9. Nc3 Nxd3 10. Qxd3 O-O 11. Qe2 h6 12. Ne1 Nd7 13. Nd3 Bg5 14. Be3 b6 15.
f3 Bxe3+ 16. Qxe3 a5 17. b3 Nc5 18. Nxc5 bxc5 19. a4 Bd7 20. Nb5 g5 21. g4 Kg7
22. Kf2 Rh8 23. Rh1 h5 24. Rag1 h4 25. h3 f6 26. Ra1 Qb8 27. Qc3 Re8 28. Rhd1
Ra6 29. Rd2 Ra8 30. Rdd1 Ra6 31. Rd2 Ra8 32. Rdd1 Ra6 1/2-1/2

[Event "Qatar Masters Open 2023"]
[Site "Doha QAT"]
[Date "2023.10.12"]
[Round "2.60"]
[White "Tarhan, Adar"]
[Black "Nitin, S."]
[Result "0-1"]
[WhiteTitle "FM"]
[BlackTitle "IM"]
[WhiteElo "2445"]
[BlackElo "2373"]
[WhiteFideId "34544712"]
[BlackFideId "5018277"]
[EventDate "2023.10.11"]

1. e4 c5 2. Nf3 Nc6 3. Bb5 d6 4. O-O Bd7 5. Re1 Nf6 6. c3 a6 7. Bf1 Bg4 8. d4
cxd4 9. cxd4 e5 10. d5 Nd4 11. Be3 Nxf3+ 12. gxf3 Bd7 13. Nd2 b5 14. a4 Be7 15.
axb5 axb5 16. Nb3 O-O 17. Rxa8 Qxa8 18. Qd2 Nh5 19. Ra1 Qe8 20. Ra7 f5 21. Kh1
Nf6 22. exf5 Qh5 23. Na5 Qxf3+ 24. Bg2 Qxf5 25. Nc6 Re8 26. h3 Bf8 27. Qe2 e4
28. Qxb5 Qh5 29. Rxd7 Nxd7 30. Bd4 Nc5 31. b4 Nd3 32. Be3 Qf7 33. Kg1 Ne1 34.
Qf1 Nxg2 35. Kxg2 Qxd5 36. b5 Rc8 37. Na7 Rc2 38. b6 Qb3 39. Kg1 Rb2 40. Qg2
Qd1+ 41. Kh2 d5 42. Nc8 d4 43. Bf4 Qc2 44. Bc7 Qxf2 45. Qxf2 Rxf2+ 46. Kg3 Rb2
47. Be5 Bc5 0-1